[Event "Østlandsserien 2023/2024, 5. div."]
[Site "Ås, Akershus NOR"]
[Date "2024.03.10"]
[Round "5"]
[White "Hrituleac, Kosta"]
[Black "Kristiansen, David"]
[Result "0-1"]
[WhiteElo "1605"]
[BlackElo "1625"]
[PlyCount "83"]
[EventDate "2023.10.29"]
[WhiteTeam "Follo 3"]
[BlackTeam "Offerspill 8"]

1. e4 c6 2. Nc3 d5 3. Nf3 Bg4 4. h3 Bxf3 5. Qxf3 e6 6. exd5 cxd5 7. d4 Nc6 8.
Bb5 Nf6 9. Bg5 Be7 10. O-O O-O 11. Bxc6 bxc6 12. Rad1 Rb8 13. b3 h6 14. Bh4 Qd7
15. Na4 Rfc8 16. Nc5 Qd8 17. Rfe1 Rb6 18. Nd3 Ne4 19. Bxe7 Qxe7 20. Ne5 Ng5 21.
Qc3 c5 22. Ng4 Ne4 23. Qd3 cxd4 24. f3 Nc3 25. Ra1 Qc5 26. Ne5 Rb7 27. Qa6 Rbc7
28. Qd3 a5 29. f4 g6 30. Nf3 Nb5 31. a4 Nd6 32. Nxd4 Nf5 33. c3 Qxc3 34. Qxc3
Rxc3 35. Nxf5 gxf5 36. b4 axb4 37. Reb1 b3 38. a5 Ra8 39. a6 Kg7 40. a7 Rc7 41.
Rxb3 Rcxa7 42. Rab1 0-1

[Event "Østlandsserien 2022/2023, 3. div. D"]
[Site "Bærum, Viken NOR"]
[Date "2022.11.13"]
[Round "1"]
[White "Furnes, Torstein"]
[Black "Walgren, William Arntzen"]
[Result "0-1"]
[WhiteElo "1747"]
[BlackElo "1461"]
[Annotator "Furnes, Torstein"]
[PlyCount "82"]
[EventDate "2022.11.13"]
[WhiteTeam "Follo 1"]
[BlackTeam "Bærum 4"]

{Min motstander har i høst vunnet både Oslomesterskapet i langsjakk (gruppe B:
1400-1799) og sin aldersgruppe i Kretsmesterskap for barn og unge i Akershus !
} 1. d4 Nf6 2. c4 e6 3. Nc3 Bb4 4. Qc2 d5 5. e3 (5. cxd5 {er vanligere og har
ca 9 prosentpoeng høyere score for hvit hos ChessBase Online Database.}) 5...
O-O 6. Nf3 Nbd7 7. Bd3 dxc4 8. Bxc4 b6 9. O-O Bb7 10. Be2 c5 11. dxc5 $6 (11.
a3 $11) 11... Nxc5 12. a3 $6 Bxc3 13. Qxc3 $6 {Stockfish liker ikke mine tre
siste trekk og mener svartfordelen gradvis har økt fra 0 til ca. -1.7.} Nce4 ({
Stockfish vil heller gå til e4 med den andre springeren} 13... Nfe4) 14. Qe5 $6
({Førstevalget til Stockfish er faktisk} 14. Qe1 {selv om det kanskje ser litt
passivt ut.}) 14... Rc8 15. b4 $2 $19 {Svartfordelen øker nå fra -0.5 til -2.5.
} (15. Rd1 {må spilles.}) 15... Nc3 16. Nd4 (16. Re1 $4 {går selvsagt ikke pga}
Nxe2+ 17. Rxe2 Bxf3 18. gxf3 Qd1+ 19. Kg2 Qxe2) 16... Nd7 17. Qh5 e5 18. Bf3
Ba6 19. Nc6 $4 {Tapstrekket.} ({Hvit må prøve} 19. b5 exd4 20. bxa6) 19... Rxc6
20. Bxc6 Bxf1 21. Kxf1 Nf6 {Meget ubehagelig. Hvit må gi offiser for å unngå å
bli satt matt på d1.} 22. Qf3 e4 ({Her var det egentlig enda sterkere å spille
} 22... Qd3+ {da hvit mister dronningen etter} 23. Kg1 (23. Ke1 e4 24. Bxe4
Nfxe4 25. Bb2 Rd8 26. Bxc3 Qxc3+ 27. Ke2 Rd2+ 28. Ke1 Qxa1+ 29. Qd1 Qxd1#)
23... Ne2+ 24. Qxe2 Qxe2) 23. Bxe4 Nfxe4 24. g3 Qd1+ 25. Qxd1 Nxd1 26. f3 Nd6
27. Bd2 Nb2 28. Bc3 Nbc4 29. Ke2 Nb5 30. Be1 Ncxa3 31. Kd3 Rd8+ 32. Ke4 Nc2 33.
Rc1 Nxe1 34. Rxe1 Nc3+ 35. Ke5 Rd5+ 36. Kf4 Rd1 37. Rxd1 Nxd1 38. Ke4 a5 39.
bxa5 bxa5 40. Kd3 a4 41. Kd2 a3 $1 0-1

[Event "Østlandsserien 2022/2023, 3. div. D"]
[Site "Bærum, Viken NOR"]
[Date "2022.11.13"]
[Round "1"]
[White "Bjorge, Fredrik Lexow"]
[Black "Johansen, Anders Sten"]
[Result "1/2-1/2"]
[WhiteElo "1476"]
[BlackElo "1726"]
[PlyCount "43"]
[EventDate "2022.11.13"]
[WhiteTeam "Bærum 4"]
[BlackTeam "Follo 1"]

1. d4 Nf6 2. Bf4 d5 3. e3 c5 4. c3 Nc6 5. Nd2 Qb6 6. Qb3 c4 7. Qc2 g6 8. e4
Nxe4 9. Nxe4 dxe4 10. Bxc4 Bf5 11. Qb3 Qxb3 12. axb3 Bg7 13. Bb5 O-O 14. Bxc6
bxc6 15. Ne2 Rfe8 16. O-O e5 17. dxe5 Bxe5 18. Be3 a6 19. Nd4 Bxd4 20. Bxd4 Be6
21. b4 Bc4 22. Rfd1 1/2-1/2

[Event "Østlandsserien 2022/2023, 3. div. D"]
[Site "Bærum, Viken NOR"]
[Date "2022.11.13"]
[Round "1"]
[White "Kielland-Lund, Jon"]
[Black "Bjugn, Emilian L. B"]
[Result "1-0"]
[WhiteElo "1715"]
[BlackElo "1273"]
[Annotator "Tactical Analysis 5.3 (5s)"]
[PlyCount "89"]
[EventDate "2022.11.13"]
[WhiteTeam "Follo 1"]
[BlackTeam "Bærum 4"]

1. c4 e5 2. Nc3 Bc5 3. Nf3 Nc6 4. g3 d6 5. Bg2 Nf6 6. O-O O-O 7. a3 a5 8. e3
Bg4 9. h3 Bh5 10. d3 Bg6 (10... Nd7) 11. Qc2 (11. Nh4) 11... Re8 (11... h6) 12.
Nd2 (12. Nh4) 12... Qd7 13. Nde4 Nxe4 14. dxe4 f5 15. Kh2 fxe4 16. Bxe4 Bxe4
17. Qxe4 (17. Nxe4 Rf8 18. b3 (18. Ng5 Qf5)) 17... h6 18. b3 Rab8 19. Bd2 Red8
(19... Qf7) 20. Nd5 Ne7 (20... a4) 21. Bxa5 Kh8 (21... Nxd5 22. Qxd5+ Kh8) 22.
Bxc7 Nxd5 23. Bxb8 (23. Bxd8 Nc3 24. Qd3 Rxd8 25. Qxc3) 23... Nf6 24. Qd3 Rxb8
25. Rfd1 (25. b4 e4 26. Qe2) 25... Rd8 (25... e4 26. Qe2 Bb6) 26. b4 Bb6 (26...
Ba7) 27. e4 (27. c5 Bc7 28. cxd6 Bxd6 29. e4) 27... Qc6 (27... Bxf2 28. Rd2 Bd4
) (27... Bxf2 $142 28. Rd2 Bd4) 28. f3 Bd4 29. Rac1 Rc8 30. Qb3 Qb6 ({Black
should try} 30... Nh7 $19 31. Qd3 Ra8) 31. a4 $17 Rc7 (31... Ra8 $142 32. Rc2
Nh5) 32. Rd3 Nh7 33. c5 (33. Rd2 $17) 33... dxc5 $19 34. bxc5 {[#]} Qxb3 $2 ({
Black should play} 34... Qc6 $1 $19 {...Nf8 is the strong threat.} 35. h4 Nf6)
35. Rxb3 $11 Rxc5 $2 {[%mdl 8192]} (35... Nf8 $11) 36. Rxc5 $18 Bxc5 37. Rxb7
Ng5 38. Kg2 Bd4 39. a5 Ne6 40. a6 Kh7 41. a7 Bxa7 42. Rxa7 Ng5 43. Re7 Kg6 44.
Rxe5 Nf7 45. Ra5 1-0

[Event "Østlandsserien 2022/2023, 3. div. D"]
[Site "Bærum, Viken NOR"]
[Date "2022.11.13"]
[Round "1"]
[White "Elmi, Abdirizak Abobaker"]
[Black "Larsen, Jo Ingebrigt"]
[Result "0-1"]
[WhiteElo "1253"]
[BlackElo "1601"]
[PlyCount "82"]
[EventDate "2022.11.13"]
[WhiteTeam "Bærum 4"]
[BlackTeam "Follo 1"]

1. e4 d6 2. d4 Nf6 3. Nc3 Nbd7 4. Nf3 e5 5. dxe5 dxe5 6. Bc4 h6 7. O-O c6 8.
Be3 Be7 9. h3 Qc7 10. a3 Nf8 11. Bb3 g5 12. Nh2 Ng6 13. Re1 Nf4 14. Bxf4 gxf4
15. Nf3 Rg8 16. Kf1 Bd7 17. Nh4 Rg5 18. Nf3 Rg7 19. Nh4 O-O-O 20. Nf5 Bxf5 21.
Qxd8+ Bxd8 22. exf5 Qd6 23. Rad1 Qc5 24. Na4 Qb5+ 25. Kg1 e4 26. Rd2 Qxf5 27.
Kh2 Bc7 28. f3 e3 29. Rd3 Ba5 30. Re2 Nh5 31. Nc3 Bxc3 32. bxc3 Ng3 33. Re1 f6
34. Rd6 Kc7 35. Rd4 Rd7 36. Rxd7+ Qxd7 37. Bc4 Qd2 38. Rb1 e2 39. Bxe2 Qxe2 40.
Rb4 Nf1+ 41. Kg1 Ne3 0-1

[Event "Østlandsserien 2022/2023, 3. div. D"]
[Site "Nordstrand, Oslo NOR"]
[Date "2022.12.04"]
[Round "2"]
[White "Furnes, Torstein"]
[Black "Lindstad, Livia"]
[Result "1/2-1/2"]
[WhiteElo "1730"]
[BlackElo "1725"]
[Annotator "Furnes, Torstein"]
[PlyCount "78"]
[EventDate "2022.11.13"]
[WhiteTeam "Follo 1"]
[BlackTeam "Nordstrand 4"]

1. d4 Nf6 2. c4 e6 3. Nc3 d5 4. Bg5 Be7 5. e3 b6 6. Nf3 O-O 7. Bd3 Bb7 8. O-O
Nbd7 9. Rc1 c5 10. cxd5 Nxd5 11. Bxe7 Qxe7 12. Re1 cxd4 13. Nxd4 Nxc3 14. Rxc3
Ne5 {Mister bonde.} 15. Bxh7+ $1 Kxh7 16. Qh5+ Kg8 17. Qxe5 Qb4 18. Qb5 ({
Stockfish vil spille} 18. Rb1) 18... Qxb5 19. Nxb5 Rfd8 20. Rc7 Bd5 21. a3 a6
22. Nd4 Rac8 23. Rec1 $6 $11 ({Stockfish foretrekker} 23. Rxc8 Rxc8 24. f4 $16)
23... Rxc7 24. Rxc7 e5 25. Nf3 Bxf3 26. gxf3 {"Alle tårnsluttspill er remis"
er et kjent sitat av den tyske stormesteren Siegbert Tarrasch (1862-1934).
Selv en bonde mer er ofte ikke nok til å vinne. Stockfish er enig i dette når
det gjelder denne stillingen. Herfra og resten av partiet holder evalueringen
seg rundt 0.00 selv om hvit har en merbonde.} Rd2 27. b4 Rd3 28. Rc6 Rxa3 29.
Rxb6 a5 30. bxa5 Rxa5 31. Rb4 f6 32. f4 exf4 33. Rxf4 Rg5+ 34. Kf1 Kf7 35. h4
Rg6 36. Ke2 Ke6 37. Kf3 Rh6 38. Rg4 g6 39. Kg3 f5 {Svart foreslår remis og
hvit aksepterer.} ({Selv om det byttes av noen bønder, er det teoretisk remis.
F.eks.} 39... f5 40. Ra4 Rh5 41. f3 Kf7 42. e4 fxe4 43. fxe4 g5 44. hxg5 Rxg5+
45. Kf4 Rg1 {Tablebase fastslår at et dette er remis. Dersom svarts konge i
denne stillingen heller hadde stått i b- eller c-linjen slik at hvit i neste
trekk kunne avskjære kongen med Td4, ville det imidlertid vært mulig å vinne
for hvit.}) 1/2-1/2

[Event "Østlandsserien 2022/2023, 3. div. D"]
[Site "Nordstrand, Oslo NOR"]
[Date "2022.12.04"]
[Round "2"]
[White "Tollefsen, Jacob"]
[Black "Johansen, Anders Sten"]
[Result "1/2-1/2"]
[WhiteElo "1532"]
[BlackElo "1720"]
[PlyCount "70"]
[EventDate "2022.11.13"]
[WhiteTeam "Nordstrand 4"]
[BlackTeam "Follo 1"]

1. c4 Nf6 2. Nc3 c6 3. d4 d5 4. Bg5 e6 5. cxd5 exd5 6. e3 Nbd7 7. Bd3 h6 8. Bh4
Be7 9. Nge2 O-O 10. O-O Re8 11. Rb1 Nf8 12. Qc2 Ne4 13. Bg3 Nxg3 14. Nxg3 Bd6
15. b4 Bd7 16. b5 Rc8 17. Qb3 Bxg3 18. hxg3 Qg5 19. bxc6 bxc6 20. Qa4 Rxe3 21.
fxe3 Qxe3+ 22. Rf2 Qxd3 23. Rf3 Qg6 24. Rbf1 f6 25. Re3 Qg5 26. Rfe1 c5 27.
Qxa7 cxd4 28. Qxd4 Bc6 29. Rd3 Kh8 30. a4 Ng6 31. a5 Ne5 32. Rde3 Ng4 33. Rd3
Ne5 34. Rde3 Ng4 35. Rd3 Ne5 1/2-1/2

[Event "Østlandsserien 2022/2023, 3. div. D"]
[Site "Nordstrand, Oslo NOR"]
[Date "2022.12.04"]
[Round "2"]
[White "Kielland-Lund, Jon"]
[Black "Lindstad, Victor"]
[Result "1-0"]
[WhiteElo "1717"]
[BlackElo "1301"]
[Annotator "Tactical Analysis 5.3 (5s)"]
[PlyCount "45"]
[EventDate "2022.11.13"]
[WhiteTeam "Follo 1"]
[BlackTeam "Nordstrand 4"]

1. c4 c5 2. Nf3 Nc6 3. d4 cxd4 4. Nxd4 d6 5. Nc3 g6 6. e4 Bd7 7. Be3 {White is
more active.} Bg7 8. Be2 {White is better.} e6 $2 {[#] Etter e6? ble det
enveiskjøring.} (8... Nxd4 $14 9. Bxd4 Nf6) 9. Ndb5 $18 {White is clearly
winning.} Bf8 10. Nxd6+ Bxd6 11. Qxd6 a6 12. Rd1 Rc8 13. O-O {[%cal Bh1f1,
Bf1d1,Bd1d6]} Qe7 14. Na4 Qxd6 15. Rxd6 Ne5 16. Nb6 Rc6 17. Rfd1 Rxd6 18. Rxd6
Ne7 19. Bd4 N7c6 20. Bxe5 Nxe5 21. f4 {[%cal Bf2f4,Bf4e5]} Bc6 22. fxe5 Bxe4
23. Bf3 {White took control after the opening. Weighted Error Value: White=0.
04 (flawless) /Black=1.38 Tilnærmet feilfritt av hvit, sier Stockfish 15.} 1-0

[Event "Østlandsserien 2022/2023, 3. div. D"]
[Site "Nordstrand, Oslo NOR"]
[Date "2022.12.04"]
[Round "2"]
[White "Bernhoftsen-Banks, Alec"]
[Black "Larsen, Jo Ingebrigt"]
[Result "0-1"]
[WhiteElo "1302"]
[BlackElo "1603"]
[PlyCount "52"]
[EventDate "2022.11.13"]
[WhiteTeam "Nordstrand 4"]
[BlackTeam "Follo 1"]

1. e4 d6 2. d4 Nf6 3. Nc3 Nbd7 4. Nf3 e5 5. dxe5 dxe5 6. Bg5 Be7 7. Bc4 c6 8.
a4 Qc7 9. h3 h6 10. Bh4 Nf8 11. Bg3 Ng6 12. Qd2 a6 13. Bd3 Nh5 14. O-O Ngf4 15.
Ne2 g5 16. Qc3 f6 17. Rad1 Be6 18. b4 Rd8 19. b5 Rxd3 20. Qe1 Rxd1 21. Qxd1
Nxe2+ 22. Qxe2 Nxg3 23. fxg3 cxb5 24. axb5 Bc4 25. b6 Qc5+ 26. Qf2 Bxf1 0-1

[Event "Østlandsserien 2022/2023, 4. div. E"]
[Site "Nordstrand, Oslo NOR"]
[Date "2022.12.04"]
[Round "2"]
[White "Brenden, Torbjørn"]
[Black "Stærli, Atle"]
[Result "1-0"]
[WhiteElo "1593"]
[BlackElo "1466"]
[PlyCount "125"]
[EventDate "2022.11.13"]
[WhiteTeam "Follo 2"]
[BlackTeam "Nordstrand 5"]

1. d4 d5 2. Bf4 Nf6 3. e3 g6 4. Nf3 Bg7 5. Be2 O-O 6. O-O Bf5 7. Nbd2 Nbd7 8.
Ne5 Nxe5 9. Bxe5 Nd7 10. Bxg7 Kxg7 11. c4 c6 12. a4 a6 13. a5 e5 14. cxd5 cxd5
15. dxe5 Nxe5 16. Qb3 Rb8 17. Nf3 Nc6 18. Rfd1 Be6 19. Qc3+ Kg8 20. e4 Ne7 21.
Nd4 Rc8 22. Qe3 Qd6 23. Bf3 Qe5 24. exd5 Qxe3 25. fxe3 Bxd5 26. Rdc1 Bxf3 27.
gxf3 Nd5 28. Kf2 Nb4 29. Rc3 Rfe8 30. Raa3 Rxc3 31. Rxc3 Nd5 32. Rb3 Re7 33.
Ne2 f5 34. Rd3 Nb4 35. Rb3 Nc6 36. Ra3 Re5 37. b4 Nxb4 38. Rb3 Nc6 39. Rxb7
Rxa5 40. Nf4 Rb5 41. Rc7 Nb4 42. Ne6 h6 43. Rg7+ Kh8 44. Rxg6 Nd3+ 45. Ke2 Ne5
46. Rxh6+ Kg8 47. Nd4 Rb2+ 48. Kd1 a5 49. Ra6 Nc4 50. Nc2 Rb3 51. Ke2 Rb2 52.
Kd3 Ne5+ 53. Kc3 Rb5 54. f4 Nd7 55. Nd4 Rc5+ 56. Kb3 Kf7 57. h4 Nf6 58. Ra7+
Kg6 59. Ra6 Kf7 60. Nf3 Ng4 61. Ng5+ Kg8 62. Ra8+ Kg7 63. Ne6+ 1-0

[Event "Østlandsserien 2022/2023, 4. div. E"]
[Site "Nordstrand, Oslo NOR"]
[Date "2022.12.04"]
[Round "2"]
[White "Flo, Steinar"]
[Black "Samset, Jon"]
[Result "0-1"]
[WhiteElo "1484"]
[BlackElo "1378"]
[PlyCount "37"]
[EventDate "2022.11.13"]
[WhiteTeam "Nordstrand 5"]
[BlackTeam "Follo 2"]

1. e4 e5 2. Nf3 Nc6 3. d4 exd4 4. c3 dxc3 5. Nxc3 Bb4 6. Bc4 Bxc3+ 7. bxc3 h6
8. O-O d6 9. Qb3 Be6 10. Bxe6 fxe6 11. Qxe6+ Qe7 12. Qg6+ Qf7 13. Qxf7+ Kxf7
14. Nd4 Nxd4 15. cxd4 Nf6 16. f3 Rhe8 17. g4 g5 18. Be3 b5 19. Rab1 0-1

[Event "Østlandsserien 2022/2023, 4. div. E"]
[Site "Nordstrand, Oslo NOR"]
[Date "2022.12.04"]
[Round "2"]
[White "Brentebråten, Tom"]
[Black "Hrituleac, Kosta"]
[Result "1-0"]
[WhiteElo "1320"]
[BlackElo "1173"]
[PlyCount "71"]
[EventDate "2022.11.13"]
[WhiteTeam "Nordstrand 5"]
[BlackTeam "Follo 2"]

1. b4 e5 2. b5 d5 3. Bb2 Bd6 4. e3 Nf6 5. c4 c6 6. a4 Bd7 7. Nf3 Qc7 8. h3 O-O
9. Ba3 a6 10. c5 Be7 11. b6 Qd8 12. Nxe5 Re8 13. d4 Bf5 14. a5 Nbd7 15. g4 Nxe5
16. dxe5 Bxb1 17. exf6 Bxf6 18. Rxb1 Bh4 19. Bc1 d4 20. Rb3 Qe7 21. Qe2 Qxc5
22. Kd1 dxe3 23. Rxe3 Rxe3 24. Qxe3 Rd8+ 25. Ke2 Qxa5 26. f4 Bf6 27. Kf3 h6 28.
Kg3 Bd4 29. Bd2 Qxb6 30. Qe1 Qb3+ 31. Kh4 Bf6+ 32. g5 hxg5+ 33. fxg5 Qa4+ 34.
Kh5 g6+ 35. Kh6 Rxd2 36. Qe8# 1-0

[Event "Østlandsserien 2022/2023, 3. div. D"]
[Site "Ås, Viken NOR"]
[Date "2023.01.15"]
[Round "3"]
[White "Johansen, Anders Sten"]
[Black "Standal, Håkon"]
[Result "1/2-1/2"]
[WhiteElo "1745"]
[BlackElo "1425"]
[PlyCount "78"]
[EventDate "2022.11.13"]
[WhiteTeam "Follo 1"]
[BlackTeam "SK 1911 3"]

1. e4 e6 2. d4 d5 3. Nc3 Nf6 4. e5 Nfd7 5. f4 c5 6. Nf3 Nc6 7. Be3 a6 8. Qd2 b5
9. Ne2 Qa5 10. c3 Rb8 11. g4 g6 12. Bg2 c4 13. O-O Kd8 14. f5 gxf5 15. gxf5 Kc7
16. Nf4 Bh6 17. fxe6 Bxf4 18. Bxf4 fxe6 19. Ng5 Nd8 20. Bg3 b4 21. Nf7 bxc3 22.
bxc3 Nxf7 23. Rxf7 Rb3 24. axb3 Qxa1+ 25. Rf1 Qa3 26. bxc4 dxc4 27. d5 Qc5+ 28.
Bf2 Qb5 29. d6+ Kb8 30. Qe3 Bb7 31. Bxb7 Qxb7 32. Bg3 Rf8 33. Rxf8+ Nxf8 34.
Qd4 Qa7 35. Kf1 Qxd4 36. cxd4 Kb7 37. Ke2 Kc6 38. Ke3 Kd5 39. Be1 Nd7 1/2-1/2

[Event "Østlandsserien 2022/2023, 3. div. D"]
[Site "Ås, Viken NOR"]
[Date "2023.01.15"]
[Round "3"]
[White "Sørvig, Carlos David"]
[Black "Lange, Holger"]
[Result "1/2-1/2"]
[WhiteElo "1373"]
[BlackElo "1735"]
[PlyCount "34"]
[EventDate "2022.11.13"]
[WhiteTeam "SK 1911 3"]
[BlackTeam "Follo 1"]

1. d4 Nf6 2. Bf4 e6 3. Nf3 c5 4. c3 Nc6 5. e3 Be7 6. Bd3 O-O 7. Nbd2 cxd4 8.
cxd4 Nd5 9. Bg3 f5 10. Ne5 Nxe5 11. dxe5 f4 12. Qh5 g6 13. Bxg6 hxg6 14. Qxg6+
Kh8 15. Qh6+ Kg8 16. Qg6+ Kh8 17. Qh6+ Kg8 1/2-1/2

[Event "Østlandsserien 2022/2023, 3. div. D"]
[Site "Ås, Viken NOR"]
[Date "2023.01.15"]
[Round "3"]
[White "Kielland-Lund, Jon"]
[Black "Hauger, Hans Otto"]
[Result "1/2-1/2"]
[WhiteElo "1731"]
[BlackElo "1341"]
[PlyCount "76"]
[EventDate "2022.11.13"]
[WhiteTeam "Follo 1"]
[BlackTeam "SK 1911 3"]

1. c4 c5 2. Nf3 Nc6 3. d4 cxd4 4. Nxd4 Nxd4 5. Qxd4 Nf6 6. Nc3 e6 7. e4 d6 8.
Bg5 h6 9. Bh4 g5 10. Bg3 e5 11. Qd1 Be6 12. Rc1 Rc8 13. b3 a6 14. Bd3 h5 15. f3
g4 16. Bh4 Be7 17. O-O Nd7 18. Bxe7 Kxe7 19. f4 f6 20. Kh1 Qb6 21. Bb1 Rcg8 22.
f5 Bf7 23. Nd5+ Bxd5 24. Qxd5 Nc5 25. Rfd1 Qc6 26. Qd2 Rd8 27. Qe3 a5 28. Rd5
Rd7 29. a3 a4 30. b4 Nb3 31. Rc3 Nd4 32. Ba2 b6 33. c5 dxc5 34. Rxd7+ Kxd7 35.
Bd5 Qb5 36. Bc4 Qc6 37. Bd5 Qb5 38. Bc4 Qc6 1/2-1/2

[Event "Østlandsserien 2022/2023, 4. div. E"]
[Site "Ås, Viken NOR"]
[Date "2023.01.15"]
[Round "3"]
[White "Skaslien, Tor"]
[Black "Brenden, Torbjørn"]
[Result "1/2-1/2"]
[WhiteElo "1676"]
[BlackElo "1623"]
[PlyCount "43"]
[EventDate "2022.11.13"]
[WhiteTeam "Vålerenga 4"]
[BlackTeam "Follo 2"]

1. d4 Nf6 2. Nf3 e6 3. Bf4 c5 4. e3 Nc6 5. Nbd2 d5 6. c3 Be7 7. h3 a6 8. Be2
O-O 9. O-O b5 10. dxc5 Bxc5 11. Ne5 Bb7 12. Ndf3 Qe7 13. Qc2 Rac8 14. Rfd1 h6
15. Rac1 Ba7 16. Qb1 Nxe5 17. Bxe5 Nd7 18. Bg3 Nb6 19. Be5 Nd7 20. Bg3 Nb6 21.
Be5 Nd7 22. Bg3 1/2-1/2

[Event "Østlandsserien 2022/2023, 4. div. E"]
[Site "Ås, Viken NOR"]
[Date "2023.01.15"]
[Round "3"]
[White "Samset, Jon"]
[Black "Moallemzadeh, Malek"]
[Result "1/2-1/2"]
[WhiteElo "1393"]
[BlackElo "1690"]
[PlyCount "67"]
[EventDate "2022.11.13"]
[WhiteTeam "Follo 2"]
[BlackTeam "Vålerenga 4"]

1. e4 c5 2. b4 cxb4 3. a3 e5 4. Nf3 Nc6 5. Bc4 h6 6. O-O Nf6 7. d3 d6 8. h3 Be7
9. Bd2 bxa3 10. Nxa3 a6 11. c3 O-O 12. Nc2 d5 13. exd5 Nxd5 14. Re1 Bf6 15. Ne3
Nxe3 16. Rxe3 Bf5 17. Nh2 b5 18. Rf3 bxc4 19. Rxf5 Qxd3 20. Rf3 Qd8 21. Rg3 Bg5
22. Nf3 Bf4 23. Rg4 f5 24. Rg6 Ne7 25. Rgxa6 Rxa6 26. Rxa6 Bxd2 27. Qxd2 Qc7
28. Qa2 Rd8 29. Ra7 Qc5 30. Ra5 Rd1+ 31. Kh2 Qc7 32. Ra7 Qc5 33. Ra5 Qc7 34.
Ra7 1/2-1/2

[Event "Østlandsserien 2022/2023, 3. div. D"]
[Site "Oslo NOR"]
[Date "2023.02.05"]
[Round "4"]
[White "Lange, David"]
[Black "Wright, Haakon"]
[Result "1-0"]
[WhiteElo "1971"]
[BlackElo "1831"]
[PlyCount "79"]
[EventDate "2022.11.13"]
[WhiteTeam "Follo 1"]
[BlackTeam "Groruddalen 1"]

1. d4 c5 2. e3 g6 3. Nf3 Bg7 4. b3 Nf6 5. Bb2 cxd4 6. exd4 O-O 7. Bd3 d5 8. O-O
Bg4 9. Nbd2 Nc6 10. h3 Bxf3 11. Nxf3 Rc8 12. Qe1 Qb6 13. c3 Rfe8 14. Kh1 e5 15.
Nxe5 Nh5 16. Qd2 Nxe5 17. dxe5 Bxe5 18. Be2 Nf4 19. Bf3 Qf6 20. g3 Nxh3 21. Bg4
Ng5 22. Bxc8 Qf3+ 23. Kg1 Qh5 24. f4 Bc7 25. Rae1 Bb6+ 26. Kg2 Ne4 27. Qd1 Qxd1
28. Rxd1 Rxc8 29. Rxd5 Nf6 30. Rd2 Ng4 31. Re1 h5 32. Ree2 Ba5 33. Rd3 Bb6 34.
c4 Kf8 35. Rd7 Ne3+ 36. Kf3 Nf5 37. Bf6 Re8 38. c5 Rxe2 39. Kxe2 Ke8 40. cxb6
1-0

[Event "Østlandsserien 2022/2023, 3. div. D"]
[Site "Oslo NOR"]
[Date "2023.02.05"]
[Round "4"]
[White "Rolstad, Morten"]
[Black "Johansen, Anders Sten"]
[Result "0-1"]
[WhiteElo "1794"]
[BlackElo "1738"]
[PlyCount "88"]
[EventDate "2022.11.13"]
[WhiteTeam "Groruddalen 1"]
[BlackTeam "Follo 1"]

1. e4 c5 2. Nf3 d6 3. g3 Nc6 4. h3 Nf6 5. d3 g6 6. Bg2 Bg7 7. O-O O-O 8. c3 e5
9. Na3 h6 10. Nc2 Be6 11. d4 Bc4 12. Re1 Re8 13. Ne3 Ba6 14. Nd5 cxd4 15. cxd4
Nxd5 16. exd5 Nb4 17. dxe5 dxe5 18. Qb3 Nd3 19. Rd1 e4 20. Ne1 Rc8 21. Nxd3
exd3 22. Bf1 Bc4 23. Qxb7 Rb8 24. Qxa7 Qxd5 25. Bg2 Qb5 26. a4 Qb3 27. Bf4 Rbd8
28. Be3 Qxb2 29. Rab1 Qc3 30. Bc6 Rxe3 31. Qxe3 Qf6 32. Qf3 d2 33. Rb7 Qe6 34.
Qe4 Qxe4 35. Bxe4 Be2 36. Rxd2 Rxd2 37. Rb8+ Bf8 38. a5 Kg7 39. h4 Bc4 40. Rc8
Be6 41. Rc7 Ra2 42. h5 g5 43. f4 gxf4 44. gxf4 Rxa5 0-1

[Event "Østlandsserien 2022/2023, 3. div. D"]
[Site "Oslo NOR"]
[Date "2023.02.05"]
[Round "4"]
[White "Lange, Holger"]
[Black "Lindmo, Arne K"]
[Result "1/2-1/2"]
[WhiteElo "1727"]
[BlackElo "1635"]
[PlyCount "88"]
[EventDate "2022.11.13"]
[WhiteTeam "Follo 1"]
[BlackTeam "Groruddalen 1"]

1. e4 c6 2. d4 d5 3. exd5 cxd5 4. Bd3 Nc6 5. Nf3 Bg4 6. c3 e6 7. O-O Nf6 8. Bg5
h6 9. Bh4 Be7 10. Nbd2 O-O 11. Qb3 Rb8 12. Ne5 Nxe5 13. dxe5 Nd7 14. Bg3 Nc5
15. Qc2 Nxd3 16. Qxd3 Bf5 17. Qe3 a6 18. Nb3 Qc7 19. f4 b5 20. Bf2 Rfc8 21. Qg3
b4 22. Rac1 bxc3 23. Rxc3 Qb7 24. Rfc1 Rxc3 25. Qxc3 g5 26. Be3 Qb4 27. Qxb4
Rxb4 28. Rc7 gxf4 29. Bd2 Bf8 30. Bxb4 Bxb4 31. Nd4 Bd3 32. Nf3 Kg7 33. Kf2 Kg6
34. g3 fxg3+ 35. Kxg3 Bf8 36. Kf4 Bb4 37. a3 Ba5 38. Rb7 Bd8 39. Rb8 Be7 40.
Rb7 Bd8 41. Rd7 Bb6 42. b4 Bb5 43. Rb7 Bf2 44. Nd2 Bd4 1/2-1/2

[Event "Østlandsserien 2022/2023, 3. div. D"]
[Site "Oslo NOR"]
[Date "2023.02.05"]
[Round "4"]
[White "Bekkesletten, Cato"]
[Black "Kielland-Lund, Jon"]
[Result "1/2-1/2"]
[WhiteElo "1653"]
[BlackElo "1723"]
[Annotator "Tactical Analysis 5.3 (5s)"]
[PlyCount "57"]
[EventDate "2022.11.13"]
[WhiteTeam "Groruddalen 1"]
[BlackTeam "Follo 1"]

1. b3 e5 2. Bb2 d6 3. e3 Nc6 4. d4 exd4 5. exd4 d5 6. Nf3 Bg4 7. Be2 Nf6 8. O-O
Be7 9. h3 Bh5 10. Ne5 Bxe2 11. Qxe2 O-O 12. Nd2 Re8 13. a3 Bd6 14. Ndf3 a6 15.
Qd3 Ne4 (15... Ne7 $11) 16. c4 (16. Nxc6 $14 bxc6 17. Rad1) 16... f5 (16... Ne7
$11) 17. Nxc6 $16 bxc6 18. c5 Bf4 19. b4 ({Better is} 19. Bc1 $16 Bxc1 20.
Raxc1) 19... Qf6 (19... Ng5 $11 {keeps the balance.}) 20. Bc1 Bxc1 21. Raxc1 g5
22. Ne5 Re7 23. Kh2 {[#] aiming for f3.} f4 24. f3 (24. Qe2 $16) 24... Ng3 $11
25. Rfe1 {Threatens to win with Ng4.} Kg7 26. Ng4 Qf8 {[#]} (26... Qf7 $1 $14)
27. Rxe7+ (27. Re5 $1 $16) 27... Qxe7 $14 28. Ne5 Qe6 29. Kg1 {Weighted Error
Value: White=0.31/Black=0.36} 1/2-1/2